00386 2200157 4500245003900000020002200039100001600061700002100077650001500098005001900113260004200132041001400174084001200188300001900200336000900219 aWedding CrashercAstrid ZenghText a978-602-03-3860-6 aAstrid Zeng aIrna Permanasari aPernikahan a20240926082852 aJakartabGramedia Pustaka Utamac2017 aIndonesia a899.221 a376hlm :c20cm atext